000 004370000a22001690004500
003 MACL
005 20160110132554.0
008 160110b xxu||||| |||| 00| 0 eng d
040 _aMACL
_cMACL
041 _aEnglish
082 _a631/HAW
100 _aHawkings, J C
_930906
245 _aThe Mechanical Equipment of Farms
260 _bRarmer & Stock Breeder
_c1949
_aLondon
650 _aAgriculture
_930907
942 _cBK
_k631/Haw
_2ddc
999 _c34969
_d34969